| 000 | 00647nam a2200217Ia 4500 | ||
|---|---|---|---|
| 005 | 20241129110932.0 | ||
| 008 | 241129s9999||||xx |||||||||||||| ||und|| | ||
| 020 | _a978-93-83282-50-0 | ||
| 037 | _aTB | ||
| 040 |
_aCRL _beng _cCRL |
||
| 041 |
_aurd _2urd |
||
| 084 |
_aO168.1N23x Q4 _qCRL |
||
| 100 |
_aYousufi Mushtaq Ahmad Au.; Ahmed Mazhar Co. _9722862 |
||
| 245 | 0 |
_aAqwal-e-Yousufi _cYousufi Mushtaq Ahmad Au.; Ahmed Mazhar Co. |
|
| 260 |
_aNew Delhi, India _bM R Publications _c2014 |
||
| 300 | _a157p. | ||
| 365 |
_aINR _b275 |
||
| 650 |
_aUrdu Prose _926866 |
||
| 942 |
_cTB _hO168.1N23x Q4 |
||
| 999 |
_c1228171 _d1228171 |
||